000
00318nam a22001337a 4500
008
181030b xxu||||| |||| 00| 0 eng d
020
_a
9781572306783
041
_a
eng
080
_a
610
100
_a
4
101
_a
SHM
245
_a
Handbook of Diagnostic and Structured Interviewing
_c
Rogers, R
942
_2
udc
_c
BK
999
_c
51156
_d
51156